| 000 | nam a22 a 4500 | ||
|---|---|---|---|
| 999 |
_c55804 _d55804 |
||
| 003 | BLK | ||
| 005 | 20210204130033.0 | ||
| 008 | 180408b bul|||||r ||||||| ||bul|| | ||
| 010 | _aKNG00059779000 | ||
| 020 | _a954-308-085-2 | ||
| 040 | _aBLK | ||
| 041 |
_aBUL _cBUL |
||
| 080 |
_aСпортен риболов _b799.1 _x:087.5 _z799.1:087.5 |
||
| 100 | 1 |
_aPatchett, Fiona _eпърви автор _9286434 |
|
| 139 |
_aПатчът, Фиона _bП 28 |
||
| 245 | 1 | 0 |
_aХайде за риба _c* Фиона Патчът; Fiona Patchett; прев. Доряна Стефанова Петрова. |
| 257 | _aGBR | ||
| 260 |
_bПрес _c2005 _fПловдив : Делта+ _aСофия |
||
| 300 |
_a32 с. _bс цв. ил. _c29 см |
||
| 380 | _aDN | ||
| 490 |
_aИскам всичко да знам _v19 _9201509 |
||
| 500 | _aОриг. загл. Starting fishing / Fiona Patchett. - Съдържа и Речник на непознатите думи. - Показалец на рибарските умения | ||
| 650 | 4 |
_aРиболов, спортен _9252401 |
|
| 650 | 4 |
_aВъдичарство - наръчници и ръководства _9151340 |
|
| 653 | _aриболов | ||
| 700 | 1 |
_aПатчът, Фиона _e* _9107218 |
|
| 700 | 1 |
_aПетрова, Доряна Стефанова _eпрев. _9284199 |
|
| 852 |
_aЦб ІІ 13833 _bЦб |
||
| 856 | 4 | _qpdf | |
| 856 | 4 | _qpdf | |
| 942 |
_cKNG _n0 _01 _s1 |
||
| 944 |
_aCR _c06.06.2006 _kЦветанка_Енчева |
||
| 944 |
_aED _c03.08.2006 |
||
| 999 | _d55804 | ||